10 Biggest Companies in History - Statistics

General Stats
  • This quiz has been taken 29 times
  • The average score is 5 of 10
Answer Stats
Value Company % Correct
$3.15T Apple
93%
$3.75T Microsoft
81%
$2.40T Amazon
67%
$4.20T NVIDIA
67%
$1.06T Tesla
63%
$2.25T Alphabet
52%
$1.77T Meta
52%
$10.25T Dutch East India Company
41%
$8.35T Mississippi Company
7%
$5.52T South Sea Company
4%
No matching quizzes found
Score Distribution
Percent of People with Each Score
Percentile by Number Answered
Your Score History
You have not taken this quiz